| 000 | 00664nam a2200229 a 4500 | ||
|---|---|---|---|
| 005 | 20210219152920.0 | ||
| 008 | 991125n 000 0 eng u | ||
| 035 | _aUPN01000067039 | ||
| 100 | _aSadoski, Mark | ||
| 222 | _aJOURNAL OF READING BEHAVIOR | ||
| 245 | _aA causal model of sentence recall : effects of familiarity, concreteness, comprehensibility, and interestingness | ||
| 300 | _a5-16 | ||
| 362 | _a1993 25, no. 1 | ||
| 653 | 0 | _aCOMPRENSION LECTORA | |
| 653 | 0 | _aMODELOS | |
| 653 | 0 | _aORACIONES | |
| 653 | 0 | _aRECORDAR (PSICOLOGIA) | |
| 700 | _aGoetz, Ernest T. | ||
| 700 | _aFritz, Joyce B. | ||
| 904 |
_aAC _b004850 |
||
| 905 | _aArticulo | ||
| 999 |
_c63779 _d63779 |
||